Nguồn gốc : Nỗi hoài niệm về những thuở ban đầu

Sách mở ra cho độc giả những cánh cửa của thế giới vô cùng lớn - các thiên hà xa sôi, các tinh vân sặc sỡ của ngân hà, các hành tinh của hệ mặt trời, ...và tiết lộ cho độc giả những khía cạnh mới, vẽ đẹp tráng lệ của thế giới....

Description complète

Enregistré dans:
Détails bibliographiques
Auteur principal: Trịnh, Xuân Thuận
Format: Livre
Langue:Undetermined
Publié: Thành phố Hồ Chí Minh Trẻ 2006
Sujets:
Tags: Ajouter un tag
Pas de tags, Soyez le premier à ajouter un tag!
Thư viện lưu trữ: Trung tâm Học liệu Trường Đại học Cần Thơ
LEADER 01039nam a2200217Ia 4500
001 CTU_132974
008 210402s9999 xx 000 0 und d
020 |c 150000 
082 |a 523.12 
082 |b Th502 
100 |a Trịnh, Xuân Thuận 
245 0 |a Nguồn gốc : 
245 0 |b Nỗi hoài niệm về những thuở ban đầu 
245 0 |c Trịnh Xuân Thuận ; Phạm Văn Thiều, Ngô Vũ dịch 
260 |a Thành phố Hồ Chí Minh 
260 |b Trẻ 
260 |c 2006 
520 |a Sách mở ra cho độc giả những cánh cửa của thế giới vô cùng lớn - các thiên hà xa sôi, các tinh vân sặc sỡ của ngân hà, các hành tinh của hệ mặt trời, ...và tiết lộ cho độc giả những khía cạnh mới, vẽ đẹp tráng lệ của thế giới. 
650 |a Cosmology,Vũ trụ học 
904 |i Trọng Hải 
980 |a Trung tâm Học liệu Trường Đại học Cần Thơ